Cartografía : (Record no. 41114)

MARC details
000 -LEADER
campo de control de longitud fija 00636nam a2200169 i 4500
001 - NÚMERO DE CONTROL
campo de control 41114
003 - IDENTIFICADOR DE NÚMERO DE CONTROL
campo de control ES-MaACL
005 - FECHA Y HORA DE LA ÚLTIMA TRANSACCIÓN
campo de control 20230906160357.0
007 - CAMPO FIJO DE DESCRIPCIÓN FÍSICA--INFORMACIÓN GENERAL
campo de control de longitud fija t|
008 - DATOS DE LONGITUD FIJA--INFORMACIÓN GENERAL
campo de control de longitud fija 030310s1982 sp ||||1| spa d
110 1# - ENTRADA PRINCIPAL--NOMBRE DE ENTIDAD CORPORATIVA
Nombre de entidad corporativa o nombre de jurisdicción como elemento de entrada España.
Unidad subordinada Dirección General de Acción Territorial y Urbanismo.
9 (RLIN) 3696
245 10 - MENCIÓN DEL TÍTULO
Título Cartografía :
Resto del título ampliación 1981 /
Mención de responsabilidad, etc. Ministerio de Obras Públicas y Urbanismo, Dirección General de Acción Territorial y Urbanismo.
260 ## - PUBLICACIÓN, DISTRIBUCIÓN, ETC.
Lugar de publicación, distribución, etc. [Madrid :
Nombre del editor, distribuidor, etc. MOPU, Servicio de Publicaciones,
Fecha de publicación, distribución, etc. 1982]
300 ## - DESCRIPCIÓN FÍSICA
Extensión 52 h. :
Otras características físicas gráf. ;
Dimensiones 22 x 30 cm.
651 #4 - PUNTO DE ACCESO ADICIONAL DE MATERIA--NOMBRE GEOGRÁFICO
Nombre geográfico España-
Subdivisión general Mapas-
Subdivisión de forma Catálogos.
9 (RLIN) 170267
852 4# - LOCALIZACIÓN
Ubicación ES-MaACL
Número de control de estantería P-621
Holdings
Estatus retirado Estado de pérdida Estado de daño No para préstamo Biblioteca de origen Biblioteca actual Ubicación en estantería Fecha de adquisición Fuente de adquisición Total de préstamos Signatura topográfica completa Código de barras Visto por última vez Precio de reemplazo Tipo de ítem Koha
        Biblioteca del Ateneo de Madrid Biblioteca del Ateneo de Madrid Depósito 2 17/01/2008     P-621 1043285 23/02/2023 23/02/2023 Libro impreso